000 00379nam a22001337a 4500
005 20171207145714.0
008 171207b xxu||||| |||| 00| 0 eng d
040 _cPK-LaUMT
082 _aPKAC 028.1
_bNUQ-
245 _aNuqta e nazar/
_cSafeer Akhtar(Compiler)
260 _aاسلام آباد:
_bانسٹی ٹیوٹ آف پالیسی،
_c2010
300 _a200 ص
942 _cBK
999 _c100557
_d100557